000 00496nam a22001697a 4500
005 20251108164737.0
008 250721s1981 xx 000 0 ara d
082 1 4 _a808.81/سلي
100 1 _aمكرزل، سليم
245 1 0 _aالشعر العالمي /
264 1 _aبيروت :
_bمؤسسة عزالدين للطباعة و النشر،
_c1981.
300 _a528ص : مص
650 1 7 _aالشعر
650 1 7 _aالمختارات الأدبية
942 _2ddc
_cBK
999 _c13277
_d13277